| 000 | 00761nam a22002417a 4500 | ||
|---|---|---|---|
| 999 |
_c34242 _d34242 |
||
| 001 | 3594 | ||
| 003 | CO-MdFUSB | ||
| 005 | 20180622073138.0 | ||
| 008 | 180321t1980 sp ||||| |||| 00| 0 spa d | ||
| 020 | _a84-85108-48-5 | ||
| 040 |
_aCO-MdFUSB _bspa _cCO-MdFUSB _dCO-MdFUSBC _erda |
||
| 041 | 0 | _aspa | |
| 082 | 0 | 4 | _aG 227.5 T793e |
| 100 | 1 |
_aTrenchard, Ernesto (1902-1972) _eautor |
|
| 245 | 4 |
_aUna Exposición de la epístola a los Efesios _c / Ernesto Trenchard, Pablo Wickham |
|
| 264 | 4 |
_aTrafalgar, Madrid, España : _b Literatura Biblica, _c©1980 |
|
| 300 | _a218 Pag | ||
| 336 |
_2rdacontent _atexto _btxt |
||
| 337 |
_2rdamedia _asin mediación _bn |
||
| 338 |
_2rdacarrier _avolumen _bnc |
||
| 653 | _aBiblia N.T. - Efesios - Comentarios | ||
| 942 | _cBK | ||